000 00587cam a2200181 i 4500
020 _a9781498731171 9781498731171 (Hardback : acidfree paper)
082 0 0 _a624.15
_bBRA
100 1 _aDas, Braja M.,
_923492
245 1 0 _aShallow foundations :
_bbearing capacity and settlement /
_cBraja M. Das.
250 _aThird edition.
300 _axv,384 pages ;
_c24 cm
526 _a0
_b0
_c0
_d624_150000000000000_BRA
526 _a0
_b0
_c0
_d624_150000000000000_BRA
650 0 _aFoundations.
_9892
650 0 _aSettlement of structures.
_9893
650 0 _aSoil mechanics.
942 _2ddc
_cBK
999 _c554197
_d554197